Home Countries of UEFA Europa League 2017-18 Teams - Statistics

General Stats
  • This quiz has been taken 155 times
  • The average score is 43 of 48
Answer Stats
Team Country % Correct
Villarreal Spain
99%
Athletic Bilbao Spain
99%
Real Sociedad Spain
99%
Lyon France
98%
Marseille France
98%
Nice France
98%
Braga Portugal
98%
Vitória de Guimarães Portugal
98%
Zulte Waregem Belgium
96%
Milan Italy
96%
Atalanta Italy
96%
Lazio Italy
96%
Vitesse Netherlands
96%
Everton England
95%
Arsenal England
95%
1889 Hoffenheim Germany
95%
1. FC Köln Germany
95%
Hertha BSC Germany
95%
Östersund Sweden
95%
AEK Athens Greece
93%
Lokomotiv Moscow Russia
93%
Zenit Saint Petersburg Russia
93%
Dynamo Kyiv Ukraine
93%
Zorya Luhansk Ukraine
93%
Austria Wien Austria
92%
Red Bull Salzburg Austria
92%
Rosenborg Norway
90%
Partizan Serbia
90%
Red Star Belgrade Serbia
90%
BATE Borisov Belarus
89%
Copenhagen Denmark
89%
Slavia Prague Czech Republic
87%
Fastav Zlín Czech Republic
87%
Viktoria Plzeň Czech Republic
87%
Steaua București Romania
87%
Ludogorets Razgrad Bulgaria
86%
Rijeka Croatia
86%
Young Boys Switzerland
86%
Lugano Switzerland
86%
İstanbul Başakşehir Turkey
86%
Konyaspor Turkey
86%
Apollon Limassol Cyprus
78%
Skënderbeu Korçë Albania
70%
Astana Kazakhstan
65%
Maccabi Tel Aviv Israel
64%
Hapoel Be'er Sheva Israel
64%
Vardar Macedonia
64%
Sheriff Tiraspol Moldova
57%
No matching quizzes found
Score Distribution
Percent of People with Each Score
Percentile by Number Answered
Your Score History
You have not taken this quiz